000
00291nam a2200121Ia 4500
008
191201s2005 xx 000 0 und d
100
_a
SANDFORD, JOHN
245
0
_a
Winter Prey
260
_a
United kingdom
_b
Coxswyman ltd
_c
2005
300
_a
343
650
_a
General Books
942
_2
ddc
_c
BK
999
_c
4383
_d
4383